00916nam a2200169Ia 4500003000900000008004100009040001600050080001600066100001700082245045300099260005500552300001900607490005400626650002500680650002000705650002100725IN-BaIIA211028s9999 xx 000 0 eng d cIIA Library a083:53bNBS aMoore, C. E. 0aAtomic energy levels as derived from the analysis of optical spectrabvol. III, the spectra of molybdenum, technetium, ruthenium, rhodium, palladium, silver, cadmium, indium, tin, antimony, tellurium, iodine, xenon, cesium, barium, lanthanum, hafnium, tantalum, tungsten, rhenium, osmium, iridium, platinum, gold mercury, thallium, lead, bismuth, polonium, radon and radium and actiniumcC. E. Moore  aWashingtonbU. S. Government Printing Officec1958 axxxviii, 245p. aCircular of the national bureau of standards; 467 aAtomic energy levels aOptical spectra aSpectra of atoms